00686nam a2200229 a 4500001001300000003000900013005001700022008004100039020002300080082001600103100002400119245002300143260003100166300000900197500003500206650002600241700002400267902000800291942000700299952013300306999001700439nice12345678IN_TiNIC20260116014311.0070403s1999 quma grp 000 0 eng  a9644380452 c35000a297.82bALJ aAl-Jibouri, Yasin T aKerbala and Beyond aQum bAnsariyan Pub c1999 a331p aincludes index and biblioraphy aShiah-History-Karbala1 aAl-Jibouri, Yasin T bSRS cBK 001040708StackRoom-aHMIbHMId2008-06-09g350.00l10m2o297.82 ALJp021769r2020-02-06s2020-01-16v350.00w2007-04-03yBK c14711d14711